Métodos de diagnóstico en medicina veterinaria / (Record no. 33952)

MARC details
000 -LEADER
campo de control de longitud fija 00615nam a2200181 i 4500
001 - NÚMERO DE CONTROL
campo de control 33952
003 - IDENTIFICADOR DE NÚMERO DE CONTROL
campo de control ES-MaACL
005 - FECHA Y HORA DE LA ÚLTIMA TRANSACCIÓN
campo de control 20230906154841.0
007 - CAMPO FIJO DE DESCRIPCIÓN FÍSICA--INFORMACIÓN GENERAL
campo de control de longitud fija t|
008 - DATOS DE LONGITUD FIJA--INFORMACIÓN GENERAL
campo de control de longitud fija 030203s1965 sp ||||1| spa d
100 1# - ENTRADA PRINCIPAL--NOMBRE DE PERSONA
Nombre de persona Boddie, Geo F.
9 (RLIN) 29687
245 10 - MENCIÓN DEL TÍTULO
Título Métodos de diagnóstico en medicina veterinaria /
Mención de responsabilidad, etc. por Geo F. Boddie ; [traducción Clemente Sánchez-Garnica Montes].
260 ## - PUBLICACIÓN, DISTRIBUCIÓN, ETC.
Lugar de publicación, distribución, etc. Barcelona, etc. :
Nombre del editor, distribuidor, etc. Labor,
Fecha de publicación, distribución, etc. 1965.
300 ## - DESCRIPCIÓN FÍSICA
Extensión 396 p., 5 lám. :
Otras características físicas il. ;
Dimensiones 23 cm.
700 1# - ENTRADA AGREGADA--NOMBRE PERSONAL
Nombre de persona Sánchez-Garnica Montes, Clemente.
9 (RLIN) 102666
852 ## - LOCALIZACIÓN
Ubicación ES-MaACL
Número de control de estantería C-26733
Sublocalización o colección R.55919
852 ## - LOCALIZACIÓN
Ubicación ES-MaACL
Número de control de estantería C-27614
Sublocalización o colección R.56289
Holdings
Estatus retirado Estado de pérdida Estado de daño No para préstamo Biblioteca de origen Biblioteca actual Ubicación en estantería Fecha de adquisición Fuente de adquisición Total de préstamos Signatura topográfica completa Código de barras Visto por última vez Precio de reemplazo Tipo de ítem Koha
        Biblioteca del Ateneo de Madrid Biblioteca del Ateneo de Madrid Depósito 2 17/01/2008     C-27614 1035380 23/02/2023 23/02/2023 Libro impreso
        Biblioteca del Ateneo de Madrid Biblioteca del Ateneo de Madrid Depósito 2 17/01/2008     C-26733 1035379 23/02/2023 23/02/2023 Libro impreso